Welcome to CU Library Online Public Access Catalogue (OPAC)

The AIDS booklet / (Record no. 8550)

MARC details
000 -LEADER
fixed length control field 00768cam a22002294a 4500
001 - CONTROL NUMBER
control field 11961237
005 - DATE AND TIME OF LATEST TRANSACTION
control field 20251211130130.0
008 - FIXED-LENGTH DATA ELEMENTS--GENERAL INFORMATION
fixed length control field 000401s2000 mauab 000 0 eng
020 ## - INTERNATIONAL STANDARD BOOK NUMBER
International Standard Book Number 0697294285
Qualifying information acid-free paper
020 ## - INTERNATIONAL STANDARD BOOK NUMBER
International Standard Book Number 9780697294289
Qualifying information (acid-free paper)
050 00 - LIBRARY OF CONGRESS CALL NUMBER
Classification number RA644.A25
Item number C72 2000
082 00 - DEWEY DECIMAL CLASSIFICATION NUMBER
Classification number 362.1/969792
Edition information 21
100 1# - MAIN ENTRY--PERSONAL NAME
Personal name Cox, Frank D.
245 14 - TITLE STATEMENT
Title The AIDS booklet /
Statement of responsibility, etc. Frank D. Cox.
250 ## - EDITION STATEMENT
Edition statement 6th ed.
260 ## - PUBLICATION, DISTRIBUTION, ETC.
Place of publication, distribution, etc. Boston :
Name of publisher, distributor, etc. McGraw Hill,
Date of publication, distribution, etc. c2000.
300 ## - PHYSICAL DESCRIPTION
Extent xiii, 70 p. ill., map. ;
Dimensions 23 cm.
650 #0 - SUBJECT ADDED ENTRY--TOPICAL TERM
Topical term or geographic name entry element AIDS (Disease)
856 42 - ELECTRONIC LOCATION AND ACCESS
Materials specified Publisher description
Uniform Resource Identifier <a href="http://www.loc.gov/catdir/description/mh021/00501807.html">http://www.loc.gov/catdir/description/mh021/00501807.html</a>
856 41 - ELECTRONIC LOCATION AND ACCESS
Materials specified Table of contents
Uniform Resource Identifier <a href="http://www.loc.gov/catdir/toc/mh021/00501807.html">http://www.loc.gov/catdir/toc/mh021/00501807.html</a>
942 ## - ADDED ENTRY ELEMENTS (KOHA)
Source of classification or shelving scheme Library of Congress Classification
Koha item type Books
Edition 6th ed.
Suppress in OPAC No
999 ## -
-- 8550
-- 8550
Holdings
Withdrawn status Lost status Source of classification or shelving scheme Damaged status Not for loan Collection Home library Current library Shelving location Date acquired Total checkouts Full call number Barcode Date last seen Copy number Price effective from Koha item type
    Library of Congress Classification     Non-fiction Science Library (Miotso) Science Library (Miotso) Reference 12/11/2025   RA644.A25 C72 COX SLM00006608 12/11/2025 1 12/11/2025 Books
© 2023-2024 Copyright: Central University Libraries. All Rights Reserved | Created by: Mahone Tech Office